| 000 | 00336nam a22001457a 4500 | ||
|---|---|---|---|
| 020 | _qPB. | ||
| 040 | _cFIZZA ISHAQ | ||
| 082 |
_a006.37 _bDAV |
||
| 100 |
_aJEAM, DAVID. _988354 |
||
| 245 |
_aCOMPUTER VISION / _cDAVID JEAM. |
||
| 250 | _a2nd ED. | ||
| 260 |
_aNEW DEHLI : _bPEARSON, _c2018. |
||
| 300 | _a791 P. ; | ||
| 942 |
_2ddc _cBK |
||
| 999 |
_c587591 _d587591 |
||